[Event "27th Czech Open A 2016"]
[Site "Pardubice CZE"]
[Date "2016.07.29"]
[Round "8.52"]
[White "Karas, Marek"]
[Black "Roubalik, Jakub"]
[Result "1/2-1/2"]
[WhiteTitle "FM"]
[WhiteElo "2278"]
[BlackElo "2397"]
[WhiteFideId "14928558"]
[BlackFideId "322237"]
[EventDate "2016.07.22"]

1. d4 Nf6 2. c4 e6 3. Nf3 Bb4+ 4. Nbd2 d5 5. Qa4+ Nc6 6. e3 O-O 7. a3 Bxd2+ 8.
Bxd2 Ne4 9. Bd3 Nxd2 10. Nxd2 dxc4 11. Bxc4 e5 12. dxe5 Nxe5 13. Be2 Bf5 14. Rd1
Qf6 15. O-O Qg6 16. Qf4 Nd3 17. Bxd3 Bxd3 18. Rfe1 Qb6 19. Nc4 Bxc4 20. Qxc4
Qxb2 21. Qxc7 Rac8 22. Qe7 b6 23. Qxa7 Ra8 24. Qc7 Rxa3 25. Rb1 Qf6 26. Rxb6 Ra1
27. Rbb1 Rxb1 28. Rxb1 h6 29. h3 Qf5 30. Rd1 Rc8 31. Qd7 Qxd7 32. Rxd7 Rc2 33.
g3 h5 34. Kg2 g6 35. Kf3 Kg7 36. Rd6 Ra2 37. e4 Rb2 38. Ke3 Ra2 39. h4 Rb2 40.
f4 Rb3+ 41. Rd3 Rb5 42. e5 Rb4 43. Rd7 Kf8 44. f5 gxf5 45. Rd4 Rxd4 46. Kxd4 Ke7
47. Ke3 Ke6 48. Kf4 f6 49. exf6 1/2-1/2

[Event "27th Czech Open A 2016"]
[Site "Pardubice CZE"]
[Date "2016.07.29"]
[Round "8.54"]
[White "Kvetny, Mark"]
[Black "Semjonovs, Ilja"]
[Result "1-0"]
[WhiteTitle "FM"]
[WhiteElo "2379"]
[BlackElo "2181"]
[WhiteFideId "24603929"]
[BlackFideId "11604263"]
[EventDate "2016.07.22"]

1. d4 Nf6 2. c4 c5 3. d5 b5 4. cxb5 a6 5. f3 e6 6. e4 axb5 7. Bxb5 Qa5+ 8. Nc3
Bb7 9. Bd2 Qb6 10. Bc4 Na6 11. Nge2 Nb4 12. dxe6 fxe6 13. e5 Nfd5 14. O-O Be7
15. Ng3 O-O 16. a3 Nxc3 17. Bxc3 Nd5 18. Qd2 Qc7 19. Rae1 Nb6 20. Ba2 Bd5 21.
Bb1 Nc4 22. Qc2 g6 23. Qc1 Qd8 24. Ne4 Qe8 25. Qh6 Qf7 26. Nf6+ Bxf6 27. exf6
Rab8 28. h4 e5 29. Bxe5 Rb6 30. h5 Nxe5 31. Rxe5 Rxf6 32. hxg6 hxg6 33. Rg5 Be6
34. Bxg6 Qg7 35. Bh7+ 1-0

[Event "27th Czech Open A 2016"]
[Site "Pardubice CZE"]
[Date "2016.07.29"]
[Round "8.55"]
[White "Havelka, Josef"]
[Black "Aguera Naredo, Javier"]
[Result "1/2-1/2"]
[WhiteTitle "FM"]
[BlackTitle "FM"]
[WhiteElo "2277"]
[BlackElo "2374"]
[WhiteFideId "361097"]
[BlackFideId "2204169"]
[EventDate "2016.07.22"]

1. e4 e5 2. Nf3 Nc6 3. Bb5 a6 4. Ba4 Nf6 5. O-O Nxe4 6. d4 b5 7. Bb3 d5 8. dxe5
Be6 9. Nbd2 Nc5 10. c3 Be7 11. Bc2 d4 12. Nb3 d3 13. Bb1 Nxb3 14. axb3 Bf5 15.
b4 O-O 16. Re1 a5 17. bxa5 Rxa5 18. Rxa5 Nxa5 19. Nd4 Bg6 20. b4 c5 21. bxc5
Bxc5 22. Bxd3 Bxd4 23. cxd4 Bxd3 24. Qxd3 Qd5 25. h3 Nc6 26. Be3 Rd8 27. Rb1 b4
28. Qb3 Qe4 29. f3 Qg6 30. Rc1 h6 31. Qc4 b3 32. Qxb3 Nxd4 33. Bxd4 Rxd4 34. Qe3
Rb4 35. f4 Qe4 36. Qxe4 Rxe4 37. g3 g5 38. fxg5 hxg5 39. Rc5 Kg7 40. Kf2 f6 41.
exf6+ Kxf6 42. Rc6+ Kf7 43. Kf3 Ra4 44. Rb6 g4+ 45. hxg4 Kg7 46. g5 Rc4 47. Rf6
Ra4 48. Rf4 Ra6 49. Kg4 Rb6 50. Kh5 Ra6 51. Rb4 Rc6 52. Rb7+ Kg8 53. g6 Rc1 54.
g4 Ra1 55. Kh6 Rh1+ 56. Kg5 Ra1 57. Re7 Rb1 58. Ra7 Re1 59. Ra3 Kg7 60. Ra7+ Kg8
61. Ra2 Kg7 62. Rf2 Ra1 63. Rf3 Rb1 64. Rf4 Ra1 65. Rf5 Rb1 66. Ra5 Rc1 67. Re5
Ra1 68. Re7+ Kg8 69. g7 Ra5+ 1/2-1/2

[Event "27th Czech Open A 2016"]
[Site "Pardubice CZE"]
[Date "2016.07.29"]
[Round "8.56"]
[White "Sindarov, Javokhir"]
[Black "Hoerr, Matthias"]
[Result "1-0"]
[WhiteTitle "CM"]
[WhiteElo "2374"]
[BlackElo "2180"]
[WhiteFideId "14205483"]
[BlackFideId "4681398"]
[EventDate "2016.07.22"]

1. e4 c5 2. Nc3 Nc6 3. g3 g6 4. Bg2 Bg7 5. d3 d6 6. Be3 e5 7. Nh3 Nge7 8. O-O
O-O 9. Qd2 Rb8 10. a4 a6 11. Bh6 Bxh6 12. Qxh6 f6 13. Qd2 b5 14. axb5 axb5 15.
f4 Nd4 16. Nf2 Be6 17. Ncd1 Qb6 18. Ne3 c4 19. Kh1 cxd3 20. Nxd3 Nec6 21. f5 Bf7
22. fxg6 Bxg6 23. Nd5 Qd8 24. g4 Rb7 25. Rf2 Kg7 26. Raf1 Rbf7 27. h4 h6 28. c3
Ne6 29. Ne3 Nc5 30. Nxc5 dxc5 31. Qc1 Qc8 32. Bf3 Rg8 33. Rg1 Kh7 34. h5 Bxh5
35. Rh2 Rg5 36. gxh5 Rfg7 37. Rxg5 Rxg5 38. Qf1 Nd8 39. Nd5 Qe6 40. Bg4 Rxg4 41.
Nxf6+ Kh8 42. Nxg4 Qxg4 43. Qf6+ Kh7 44. Qe7+ 1-0

[Event "27th Czech Open A 2016"]
[Site "Pardubice CZE"]
[Date "2016.07.29"]
[Round "8.57"]
[White "Lederman, Leon"]
[Black "Soumya, Swaminathan"]
[Result "1-0"]
[WhiteTitle "IM"]
[BlackTitle "WGM"]
[WhiteElo "2269"]
[BlackElo "2370"]
[WhiteFideId "2800403"]
[BlackFideId "5016193"]
[EventDate "2016.07.22"]

1. e4 c5 2. Nf3 d6 3. d4 cxd4 4. Nxd4 Nf6 5. Nc3 Nc6 6. Bc4 e6 7. Be3 a6 8. Qe2
Qc7 9. O-O-O Na5 10. Bb3 b5 11. f3 b4 12. Na4 Nxb3+ 13. axb3 Be7 14. g4 Nd7 15.
g5 Nc5 16. Qc4 Bd7 17. Qxb4 Nxa4 18. bxa4 d5 19. Qb3 dxe4 20. fxe4 O-O 21. Rd3
Rab8 22. Qa2 Qb7 23. Re1 Qxe4 24. Bd2 Qh4 25. Nf5 exf5 26. Rxe7 Bxa4 27. Qd5
Rbc8 28. b3 Bb5 29. c4 Qxh2 30. Kb2 Bc6 31. Qxf5 Rce8 32. Rxe8 Rxe8 33. Ka3 Qe2
34. Rd6 Qe7 35. Bb4 a5 36. Bc5 Qc7 37. Qf2 Be4 38. Qd4 Bg6 39. Bb6 Qe7 40. c5
Qxg5 41. c6 Qc1+ 42. Qb2 Qe1 43. Qd4 Qc1+ 44. Ka4 h6 45. c7 Be4 46. Bc5 Bb7 47.
Rd8 Qe1 48. Qd7 Qe4+ 49. Ka3 1-0

[Event "27th Czech Open A 2016"]
[Site "Pardubice CZE"]
[Date "2016.07.29"]
[Round "8.58"]
[White "Seger, Ruediger"]
[Black "Kulkarni, Vinayak"]
[Result "1-0"]
[WhiteTitle "IM"]
[WhiteElo "2368"]
[BlackElo "2168"]
[WhiteFideId "4617274"]
[BlackFideId "5021332"]
[EventDate "2016.07.22"]

1. e4 c5 2. b3 Nc6 3. Bb2 e5 4. f4 d6 5. Nf3 Bg4 6. Bb5 f6 7. Nc3 Ne7 8. fxe5
dxe5 9. O-O a6 10. Bc4 Nd4 11. Bf7+ Kxf7 12. Nxe5+ Ke8 13. Nxg4 h5 14. Ne3 Qd6
15. Ncd5 Nxd5 16. Nxd5 Qe5 17. c3 Bd6 18. Rf4 Qg5 19. Rf2 Qh4 20. cxd4 Bxh2+ 21.
Kf1 Bg3 22. Rf3 Qh1+ 23. Ke2 Qxg2+ 24. Kd3 h4 25. Qh1 Qxh1 26. Rxh1 cxd4 27.
Bxd4 Rd8 28. Bf2 Bxf2 29. Rxf2 Kf7 30. Rf4 h3 31. Rf3 h2 32. Rf2 Rh3+ 33. Kd4
Rdh8 34. Ne3 Ke6 35. Kd3 g5 36. Ke2 R8h5 37. d3 g4 38. Rg2 g3 39. Kf3 Ke5 40.
d4+ Ke6 41. Nf5 Rh7 42. Rxg3 1-0

[Event "27th Czech Open A 2016"]
[Site "Pardubice CZE"]
[Date "2016.07.29"]
[Round "8.60"]
[White "Richterova, Natasa"]
[Black "Sabuk, Piotr"]
[Result "0-1"]
[WhiteTitle "WFM"]
[BlackTitle "IM"]
[WhiteElo "2191"]
[BlackElo "2363"]
[WhiteFideId "350591"]
[BlackFideId "1137565"]
[EventDate "2016.07.22"]

1. e4 e5 2. Nf3 Nc6 3. Nc3 Nf6 4. d4 exd4 5. Nxd4 Bb4 6. Nxc6 bxc6 7. Bd3 O-O 8.
O-O Re8 9. Qf3 Bd6 10. Bg5 Be5 11. h3 Qe7 12. Rab1 d6 13. Ne2 Qf8 14. Ng3 Nd7
15. Be3 g6 16. Rfe1 a5 17. a4 Rb8 18. b3 Bc3 19. Rf1 Qg7 20. Qd1 Ne5 21. Be2 c5
22. Bd2 Nc6 23. Bb5 Bd7 24. Bxc3 Qxc3 25. Re1 Ne5 26. Ne2 Qb4 27. c3 Qxe4 28.
Ng3 Qh4 29. Rxe5 Bxb5 30. Rxe8+ Bxe8 31. c4 Bc6 32. Qe1 Rb4 33. Qd1 Qd4 34. Qc2
Rb8 35. Re1 Kf8 36. Re3 Re8 37. Rxe8+ Kxe8 38. Qe2+ Kd7 39. Nf1 f5 40. Ne3 Qa1+
41. Nf1 Qc1 42. f3 f4 43. Kh2 Qc3 44. Nd2 Qe3 45. Qd1 Ke7 46. Nf1 Qf2 47. Qd3
Kf7 48. Nd2 Qe3 49. Qc2 Bd7 50. Nf1 Qd4 51. g4 Bc6 52. Kg2 Kg7 53. Qe2 Kf6 54.
h4 Kf7 55. Qc2 Bb7 56. Qe2 Qc3 57. Nd2 Qe3 58. Qd1 Bc6 59. Nf1 Qc3 60. Nd2 Qd3
61. Qe1 h5 62. gxh5 gxh5 63. Kf2 Qg6 64. Kf1 Qe6 65. Qf2 Qh3+ 66. Ke2 Kf6 67.
Nf1 Bb7 68. Nd2 Qg3 69. Qf1 Qxh4 70. Qa1+ Kg6 71. Qh8 Qe7+ 72. Kd1 Bc6 73. Qg8+
Kf5 74. Qh8 Kg5 75. Qg8+ Kh4 76. Qg2 Qe6 77. Qh2+ Kg5 78. Qg2+ Kf6 79. Qh2 Qe5
80. Qf2 Qg5 81. Nf1 Bd7 82. Nd2 Bf5 83. Nf1 Kf7 84. Qh2 h4 85. Qd2 Bg6 86. Qxa5
Qe7 87. Qd2 Qe5 88. a5 Kg7 89. Nh2 Bf5 90. Qg2+ Kf8 91. Qd2 Kf7 92. a6 Bc8 93.
a7 Bb7 94. Ng4 Bxf3+ 0-1

[Event "27th Czech Open A 2016"]
[Site "Pardubice CZE"]
[Date "2016.07.29"]
[Round "8.61"]
[White "Lagashin, Pavel"]
[Black "Kulkarni, Bhakti"]
[Result "1-0"]
[BlackTitle "CM"]
[WhiteElo "2148"]
[BlackElo "2363"]
[WhiteFideId "24132144"]
[BlackFideId "5019516"]
[EventDate "2016.07.22"]

1. Nf3 d5 2. d4 c5 3. e3 Nc6 4. Bb5 a6 5. Bxc6+ bxc6 6. c4 e6 7. Nc3 Nf6 8. O-O
Bd6 9. dxc5 Bxc5 10. Qc2 O-O 11. e4 dxe4 12. Nxe4 Be7 13. b3 Nxe4 14. Qxe4 Bf6
15. Ba3 Bxa1 16. Bxf8 Qxf8 17. Qxc6 Rb8 18. Rxa1 Bb7 19. Qc7 Bxf3 20. gxf3 Rd8
21. Rc1 g6 22. Qf4 Qc5 23. Qe3 Qf5 24. Kh1 Rd3 25. Qe4 Qg5 26. Qxd3 Qxc1+ 27.
Kg2 Qg5+ 28. Kf1 Qc1+ 29. Ke2 Qb2+ 30. Qd2 Qe5+ 31. Kf1 Qxh2 32. Qd8+ Kg7 33.
Qd4+ e5 34. Qc3 f6 35. c5 e4 36. c6 exf3 37. Qxf3 Qd6 38. Qe4 Kf8 39. Qc4 Qc7
40. Qxa6 Ke7 41. b4 Kd6 42. b5 Kc5 43. a4 Qf7 44. Kg1 Qc4 45. Qa7+ Kb4 46. Qd7
f5 47. Qd6+ Ka5 48. c7 Qg4+ 49. Kf1 Qc4+ 50. Ke1 Qc1+ 51. Ke2 Qc4+ 52. Ke1 Qc1+
53. Ke2 Qc4+ 54. Kd2 f4 55. b6 Qa2+ 56. Kc3 Qa1+ 57. Kc4 Qa2+ 58. Kd4 Qxf2+ 59.
Ke5 1-0

[Event "27th Czech Open A 2016"]
[Site "Pardubice CZE"]
[Date "2016.07.29"]
[Round "8.62"]
[White "Ragnarsson, Dagur"]
[Black "Vykouk, Jan"]
[Result "0-1"]
[WhiteTitle "FM"]
[BlackTitle "FM"]
[WhiteElo "2274"]
[BlackElo "2450"]
[WhiteFideId "2304058"]
[BlackFideId "349658"]
[EventDate "2016.07.22"]

1. b3 Nf6 2. Bb2 d5 3. e3 g6 4. Nf3 Bg7 5. c4 c6 6. Be2 O-O 7. O-O Nbd7 8. d3
Re8 9. Qc2 e5 10. Nbd2 Qe7 11. Rfe1 a5 12. a3 e4 13. dxe4 dxe4 14. Nd4 Nc5 15.
Rad1 Bg4 16. h3 Bxe2 17. Rxe2 Nd3 18. Bc3 Qxa3 19. Nxe4 Nxe4 20. Rxd3 Nxc3 21.
Qxc3 a4 22. c5 axb3 23. Qxb3 Qxc5 24. Rc2 Ra1+ 25. Kh2 Qe5+ 26. f4 Qe4 27. Nf3
Rb1 28. Qa3 Bf8 29. Qc3 Bb4 30. Qc4 Qxc4 31. Rxc4 c5 32. Ne5 b5 33. Rc2 c4 34.
Rd7 Re7 35. Rd8+ Kg7 36. Ra2 Bc3 37. Nc6 Rxe3 38. Rd7 Be1 39. g4 c3 40. Ne5 Rb2+
41. Rxb2 cxb2 42. Nxf7 Re2+ 43. Kh1 b1=Q 44. Ng5+ Re7 45. Rxe7+ Kf8 0-1

[Event "27th Czech Open A 2016"]
[Site "Pardubice CZE"]
[Date "2016.07.29"]
[Round "8.63"]
[White "Paszewski, Mateusz"]
[Black "Neuman, Petr"]
[Result "1/2-1/2"]
[BlackTitle "GM"]
[WhiteElo "2270"]
[BlackElo "2446"]
[WhiteFideId "1141058"]
[BlackFideId "305243"]
[EventDate "2016.07.22"]

1. c4 c6 2. Nf3 d5 3. e3 Nf6 4. Nc3 a6 5. Qc2 g6 6. d4 Bg7 7. Bd3 O-O 8. O-O Bg4
9. Ne5 Be6 10. c5 Nbd7 11. Nxd7 Qxd7 12. Bd2 Bf5 13. Bxf5 Qxf5 14. Qxf5 gxf5 15.
Ne2 Nd7 16. f3 e6 17. Kf2 Rfc8 18. Rac1 a5 19. Rg1 1/2-1/2

[Event "27th Czech Open A 2016"]
[Site "Pardubice CZE"]
[Date "2016.07.29"]
[Round "8.64"]
[White "Bryzgalin, Kirill"]
[Black "Tokranovs, Dmitrijs"]
[Result "1-0"]
[WhiteTitle "GM"]
[WhiteElo "2442"]
[BlackElo "2257"]
[WhiteFideId "4133285"]
[BlackFideId "11603011"]
[EventDate "2016.07.22"]

1. e4 e5 2. Nf3 Nf6 3. Nc3 Nc6 4. g3 d5 5. exd5 Nxd5 6. Bg2 Nxc3 7. bxc3 Bc5 8.
O-O O-O 9. d3 h6 10. Rb1 Bb6 11. a4 Re8 12. Nd2 Ne7 13. Rb5 Ng6 14. Nc4 c6 15.
Rb1 Bc7 16. Qh5 Qf6 17. a5 Ne7 18. Bd2 Nd5 19. Rfe1 Re7 20. Qf3 Qg6 21. h3 Rb8
22. Rb3 b5 23. axb6 axb6 24. Ne3 Nxe3 25. Bxe3 c5 26. Ra3 Bb7 27. Qg4 Qxg4 28.
hxg4 Bxg2 29. Kxg2 Kf8 30. Kf3 Ke8 31. Ra7 Kd7 32. c4 Ke6 33. Rb1 Rd8 34. Ke4
Rd6 35. Ra8 Rd8 36. Rxd8 Bxd8 37. Ra1 Rd7 38. Ra6 Rd6 39. Ra7 Be7 40. Rb7 Bd8
41. c3 Bf6 42. f3 g5 43. Rb8 Bg7 44. Bf2 Kd7 45. Rb7+ Ke6 46. f4 exf4 47. d4 Kf6
48. gxf4 Re6+ 49. Kf3 gxf4 50. d5 Rd6 51. Bh4+ Ke5 52. Re7+ 1-0

[Event "27th Czech Open A 2016"]
[Site "Pardubice CZE"]
[Date "2016.07.29"]
[Round "8.65"]
[White "Ivanenko, Olga I."]
[Black "Tomazini, Zan"]
[Result "0-1"]
[WhiteTitle "WFM"]
[BlackTitle "IM"]
[WhiteElo "2265"]
[BlackElo "2432"]
[WhiteFideId "14121093"]
[BlackFideId "14608162"]
[EventDate "2016.07.22"]

1. e4 c5 2. Nf3 d6 3. d4 cxd4 4. Nxd4 Nf6 5. Nc3 g6 6. Be2 Bg7 7. O-O O-O 8. Nb3
Nbd7 9. Bg5 b6 10. f4 Bb7 11. Bf3 Rc8 12. Qe2 Nc5 13. Rfe1 Ne6 14. e5 Bxf3 15.
Qxf3 dxe5 16. Rxe5 Nxg5 17. fxg5 Ne8 18. Rd5 Nd6 19. Rd3 Qd7 20. Re1 Bxc3 21.
Rxc3 Rxc3 22. Qxc3 Nf5 23. Qf3 Rd8 24. c3 Qa4 25. g4 Nd6 26. Nd4 Nc8 27. Nc6 Re8
28. a3 Qb5 29. Ne5 Nd6 30. b4 Rf8 31. a4 Qxa4 32. Nc6 Nc8 33. Rxe7 Qc2 34. h4 a5
35. bxa5 bxa5 36. Rc7 Qc1+ 37. Kg2 Qd2+ 38. Kh3 Qd6 39. Rb7 a4 40. Qf6 Qd3+ 41.
Kh2 Qe2+ 42. Kh3 a3 43. Rb8 a2 44. Ra8 Re8 45. Ne7+ Rxe7 46. Rxc8+ Re8 47. Rxe8+
Qxe8 48. c4 Qe3+ 49. Kg2 Qe2+ 50. Kh3 Qd1 0-1

[Event "27th Czech Open A 2016"]
[Site "Pardubice CZE"]
[Date "2016.07.29"]
[Round "8.66"]
[White "Kraus, Tomas"]
[Black "Praveen, Kumar C"]
[Result "1/2-1/2"]
[WhiteTitle "FM"]
[BlackTitle "IM"]
[WhiteElo "2426"]
[BlackElo "2246"]
[WhiteFideId "331708"]
[BlackFideId "5007372"]
[EventDate "2016.07.22"]

1. c4 e6 2. Nf3 f5 3. d4 Nf6 4. g3 Be7 5. d5 d6 6. dxe6 Bxe6 7. Nd4 Bd7 8. Bg2
Nc6 9. Nxc6 Bxc6 10. Bxc6+ bxc6 11. Nc3 O-O 12. Qc2 Qd7 13. b3 Qe6 14. Bb2 Ne4
15. e3 Bf6 16. O-O-O Nxc3 17. Bxc3 a5 18. a4 Rfb8 19. Rd3 Bxc3 20. Rxc3 Rb4 21.
h4 Qe5 22. Rd1 Qc5 23. Kb2 Rf8 24. Rd4 Rbb8 25. Rf4 Rbe8 26. Rd3 g6 27. Ka2 Re5
28. Rdd4 h5 29. Qc3 Rfe8 30. Kb2 R5e6 31. Qd3 Kg7 32. Ka2 Re5 33. Qc3 Kg8 34.
Rd2 R5e6 35. Rb2 Rb8 36. Rb1 Qe5 37. Rd4 c5 38. Rd3 Qxc3 39. Rxc3 Kf7 40. Rd1 1/2-1/2

[Event "27th Czech Open A 2016"]
[Site "Pardubice CZE"]
[Date "2016.07.29"]
[Round "8.67"]
[White "Hollan, Petr"]
[Black "Zwardon, Vojtech"]
[Result "0-1"]
[WhiteTitle "FM"]
[BlackTitle "IM"]
[WhiteElo "2263"]
[BlackElo "2421"]
[WhiteFideId "360945"]
[BlackFideId "325511"]
[EventDate "2016.07.22"]

1. d4 Nf6 2. g3 c5 3. d5 b5 4. Bg2 d6 5. e4 Nbd7 6. Ne2 Bb7 7. O-O g6 8. a4 a6
9. axb5 axb5 10. Rxa8 Qxa8 11. b4 Bg7 12. Na3 cxb4 13. Nxb5 O-O 14. Bd2 Qa4 15.
Nbd4 Nc5 16. f3 Nfd7 17. Qa1 Qa3 18. Qb1 Ba6 19. Re1 Bxe2 20. Nxe2 Rb8 21. Bc1
Qa4 22. Bb2 Ne5 23. Bxe5 Bxe5 24. Qd1 Bg7 25. Nc1 Bc3 26. Rf1 Rc8 27. Bh3 Ra8
28. Nd3 Qb5 29. Nxc5 Qxc5+ 30. Kg2 Qe3 31. Rf2 Ra1 32. Qe2 Bd4 33. Qxe3 Bxe3 34.
Rf1 Ra2 35. Rb1 Rxc2+ 36. Kh1 b3 37. Bf1 b2 38. Bd3 Rc3 39. Rxb2 Rxd3 40. Rb7
Rd1+ 41. Kg2 Rd2+ 42. Kh3 Kf8 43. Rb8+ Kg7 44. Rb7 Bg1 45. Rxe7 Rxh2+ 46. Kg4
Kf6 47. Rd7 h5+ 48. Kf4 g5# 0-1

[Event "27th Czech Open A 2016"]
[Site "Pardubice CZE"]
[Date "2016.07.29"]
[Round "8.68"]
[White "Hollan, Martin"]
[Black "Mohammad, Nubairshah Shaikh"]
[Result "1/2-1/2"]
[WhiteTitle "FM"]
[WhiteElo "2256"]
[BlackElo "2415"]
[WhiteFideId "360937"]
[BlackFideId "5053196"]
[EventDate "2016.07.22"]

1. e4 c5 2. Nf3 e6 3. d4 cxd4 4. Nxd4 a6 5. Nc3 Qc7 6. g3 Bb4 7. Qd3 Nc6 8. Nxc6
dxc6 9. Qd4 Bxc3+ 10. Qxc3 e5 11. f4 Ne7 12. Bg2 f6 13. O-O Bg4 1/2-1/2

[Event "27th Czech Open A 2016"]
[Site "Pardubice CZE"]
[Date "2016.07.29"]
[Round "8.69"]
[White "Eliseev, Evgeniy"]
[Black "Moehn, Hans"]
[Result "1/2-1/2"]
[BlackTitle "FM"]
[WhiteElo "2248"]
[BlackElo "2413"]
[WhiteFideId "14139642"]
[BlackFideId "24647837"]
[EventDate "2016.07.22"]

1. d4 Nf6 2. Nf3 g6 3. g3 b6 4. Bg2 Bb7 5. O-O Bg7 6. Nbd2 c5 7. c3 O-O 8. a4
Nc6 9. e4 cxd4 10. Nxd4 d5 11. Nxc6 Bxc6 12. e5 Nd7 13. f4 Nc5 14. b4 Ne6 15.
Nb3 Rc8 16. Re1 Ba8 17. Bb2 Rc4 18. Qd3 a5 19. Nd2 Rc7 20. Bh3 axb4 21. cxb4 d4
22. Bxe6 fxe6 23. Ne4 Qd5 24. Qxd4 Qxd4+ 25. Bxd4 Rc4 26. Ng5 Rxd4 27. Nxe6 Rxb4
28. Nxf8 Bxf8 29. Rec1 Kf7 30. Rc8 Bd5 31. a5 bxa5 32. Rxa5 Be6 33. Rc7 Bh3 34.
Raa7 Rb2 35. Rc1 h5 36. Ra3 Bh6 37. Ra7 Bg7 38. Rcc7 Bf8 39. Rc1 Rg2+ 40. Kh1
Re2 41. Ra5 Bh6 42. Ra6 Bg7 43. Kg1 g5 44. Ra3 gxf4 45. gxf4 Bf5 46. Rc7 Re4 47.
Raa7 Bf8 48. Rc6 Rxf4 49. Rf6+ Kg8 50. Rb6 Bh3 51. Rb1 Kf7 52. Ra3 Be6 53. Re1
Bg7 54. Ra5 Rf5 55. Kg2 Bh6 56. Re2 Bg5 57. Rc5 Rf4 58. Ra5 Kg6 59. Kg1 Kf5 60.
Ra8 Rg4+ 61. Kf2 Bh4+ 62. Ke3 Re4+ 63. Kf3 Rxe2 64. Kxe2 Kxe5 65. Kd3 Bf5+ 66.
Ke3 Bg5+ 67. Kf2 Kf4 68. Rh8 Bg6 69. Rg8 Kf5 70. Rf8+ Bf6 71. Kf3 e5 72. Ke3 Ke6
73. Rg8 Kf7 74. Ra8 Bg5+ 75. Ke2 Bf5 76. Ra5 Kf6 77. Ra6+ Be6 78. Kf3 Kf5 79.
Ra5 Bf4 80. Kg2 Bd7 81. Rc5 Ba4 82. Rc8 Bb3 83. Rh8 Bd5+ 84. Kf2 Kg4 85. Rd8 Be4
86. Kg1 Kh3 87. Rh8 h4 88. Kf2 Bxh2 89. Ke3 Bg2 90. Kf2 Bg3+ 91. Kg1 Bf3 92. Rg8
e4 93. Rg7 e3 94. Rg8 e2 95. Rxg3+ 1/2-1/2

[Event "27th Czech Open A 2016"]
[Site "Pardubice CZE"]
[Date "2016.07.29"]
[Round "8.70"]
[White "Jansa, Vlastimil"]
[Black "Vidic, Teja"]
[Result "1-0"]
[WhiteTitle "GM"]
[BlackTitle "WFM"]
[WhiteElo "2411"]
[BlackElo "2235"]
[WhiteFideId "300128"]
[BlackFideId "14605511"]
[EventDate "2016.07.22"]

1. e4 e5 2. Nf3 Nc6 3. Bb5 Nge7 4. c3 d5 5. Nxe5 dxe4 6. Qe2 Qd5 7. Nxc6 Nxc6 8.
d4 Bf5 9. Bf4 O-O-O 10. Nd2 f6 11. Nf1 a6 12. Bc4 Qa5 13. O-O-O g5 14. Bd2 Bd6
15. Ne3 Bg6 16. Bb3 Rhe8 17. Rhe1 Kb8 18. Nd5 Be7 19. c4 Nb4 20. Nxe7 e3 21.
Bxb4 Qxb4 22. Nxg6 1-0

[Event "27th Czech Open A 2016"]
[Site "Pardubice CZE"]
[Date "2016.07.29"]
[Round "8.71"]
[White "Jablonicky, Martin"]
[Black "Khaetsky, Roman"]
[Result "1/2-1/2"]
[WhiteTitle "FM"]
[BlackTitle "IM"]
[WhiteElo "2244"]
[BlackElo "2385"]
[WhiteFideId "14925621"]
[BlackFideId "14106221"]
[EventDate "2016.07.22"]

1. Nf3 f5 2. d4 Nf6 3. g3 g6 4. Bg2 Bg7 5. O-O O-O 6. b3 d6 7. Bb2 c6 8. Nbd2 h6
9. Re1 Qe8 10. c4 g5 11. e4 fxe4 12. Nxe4 Qg6 13. Nfd2 Na6 14. Qe2 Bf5 15. Nxf6+
Bxf6 16. Ne4 Bg7 17. Rad1 Rae8 18. a3 Nc7 19. b4 Qf7 20. d5 b5 21. Bxg7 Kxg7 22.
dxc6 bxc4 23. Nc3 Bd3 24. Qe3 e5 25. a4 Ne6 26. Bd5 Qc7 27. Nb5 Qb8 28. Bxe6
Rxe6 29. Qxa7+ Qxa7 30. Nxa7 Ra8 31. c7 Ree8 32. c8=Q Rexc8 33. Nxc8 Rxc8 34. a5
e4 35. a6 c3 36. a7 Ra8 37. Ra1 d5 38. f3 d4 39. fxe4 c2 40. e5 Bb5 41. Re4 d3
42. Rd4 Kf8 43. Kf2 Rxa7 44. Rc1 Re7 45. Rd5 Bc4 46. Rd4 Bb5 47. Ke3 Rxe5+ 48.
Kd2 Re2+ 49. Kc3 Rxh2 50. Rd5 Kf7 51. Ra1 Bc4 52. Rd7+ Ke8 53. Rc7 Ba6 54. Re1+
Kf8 55. Rd7 Bb5 56. Rd5 Bc4 57. Rd8+ Kf7 58. Rd7+ Kf6 59. Ra1 h5 60. Rd4 Ba2 61.
Rxd3 Bb1 62. Ra6+ Kf5 63. Rd5+ Kg4 64. Kb2 Rh3 65. Rc6 Rxg3 66. b5 Rf3 67. Rc4+
Kh3 68. Rxg5 h4 69. Rh5 Kg3 70. Rhxh4 Rf5 71. b6 Rb5+ 72. Rb4 Rxb6 73. Rxb6 Kxh4
74. Kc1 Kg4 75. Kd2 Kf4 76. Rc6 Ke4 77. Rxc2 1/2-1/2

[Event "27th Czech Open A 2016"]
[Site "Pardubice CZE"]
[Date "2016.07.29"]
[Round "8.72"]
[White "Lorscheid, Gerhard"]
[Black "Plischki, Sebastian"]
[Result "1/2-1/2"]
[WhiteTitle "FM"]
[BlackTitle "IM"]
[WhiteElo "2240"]
[BlackElo "2373"]
[WhiteFideId "4606000"]
[BlackFideId "4637143"]
[EventDate "2016.07.22"]

1. d4 Nf6 2. c4 g6 3. Nc3 Bg7 4. e4 d6 5. Be2 O-O 6. Bg5 Na6 7. h4 e5 8. d5 h6
9. Be3 c6 10. h5 cxd5 11. cxd5 Nc5 12. Bxc5 dxc5 13. hxg6 fxg6 14. Nf3 Ne8 15.
Nd2 h5 16. Nc4 Nd6 17. Nxd6 Qxd6 18. Bc4 a6 19. a4 Bg4 20. f3 Bd7 21. Ra3 b6 22.
Qe2 Bc8 23. Kd1 Bf6 24. Kc2 Kg7 25. Qd2 Bd7 26. Qe2 Bc8 27. Qd2 1/2-1/2

[Event "27th Czech Open A 2016"]
[Site "Pardubice CZE"]
[Date "2016.07.29"]
[Round "8.73"]
[White "Schuh, Dirk"]
[Black "Chekletsov, Ilya"]
[Result "1/2-1/2"]
[WhiteTitle "IM"]
[BlackTitle "FM"]
[WhiteElo "2373"]
[BlackElo "2223"]
[WhiteFideId "4655311"]
[BlackFideId "24177156"]
[EventDate "2016.07.22"]

1. e4 c5 2. c3 d5 3. exd5 Qxd5 4. Nf3 Bg4 5. Qa4+ Bd7 6. Qb3 Nf6 7. Bc4 Qe4+ 8.
Kf1 e6 9. d3 Qc6 10. Ne5 Qc7 11. Bf4 Bd6 12. Nxd7 Nbxd7 13. Bxd6 Qxd6 14. Nd2
O-O 15. Nf3 a6 16. Qc2 e5 17. Qe2 Rae8 18. Ng5 b5 19. Bb3 Qc6 20. Qf3 Qb6 21.
Rd1 h6 22. Ne4 Rd8 23. g3 c4 24. Bc2 cxd3 25. Bxd3 Ne8 26. g4 Ndf6 27. Ng3 e4
28. Nxe4 Nxe4 29. Bxe4 Rxd1+ 30. Qxd1 Qe6 31. Bd5 Qe5 32. Kg2 Nf6 33. Bf3 h5 34.
Qd4 Qxd4 35. cxd4 hxg4 36. Bb7 a5 37. Rc1 Kh7 38. Rc5 Rd8 39. Rxb5 Rxd4 40. Rxa5
Rb4 41. Bc6 Rxb2 42. a4 Kh6 43. Ra7 Kg6 44. Rb7 Ra2 45. Re7 Nh5 46. Rxf7 Rxa4
47. Rxg7+ Nxg7 48. Bxa4 Kg5 49. Bd7 Kh4 50. Kf1 Nh5 51. Ke2 Nf6 52. Be6 Kh3 53.
f3 Kh4 54. fxg4 1/2-1/2